000 00544nam a22001697a 4500
008 160125b xxu||||| |||| 00| 0 eng d
020 _a007282199X
082 _22005
_aDK12 620
_bH758
100 _92142
_aHoltzapple, Mark T.
245 _aConcepts in engineering /
_cMark T. Holtzapple and W. Dan Reece.
260 _aBoston :
_bMcGraw Hill,
_cc2005.
300 _axiii, 273 pages :
_billustration ;
_c24 cm.
500 _aIncludes appendix and index.
650 0 _92143
_aEngineering
700 _92144
_aReece, W. Dan., jt. au.
942 _2ddc
_cDC
999 _c797
_d797